देवी / (Record no. 115987)

MARC details
000 -LEADER
fixed length control field 01120nam a22002897a 4500
003 - CONTROL NUMBER IDENTIFIER
control field dpl
005 - DATE AND TIME OF LATEST TRANSACTION
control field 20180628152753.0
008 - FIXED-LENGTH DATA ELEMENTS--GENERAL INFORMATION
fixed length control field 180628b xxu||||| |||| 00| 0 eng d
010 ## - LIBRARY OF CONGRESS CONTROL NUMBER
LC control number B-075035
020 ## - INTERNATIONAL STANDARD BOOK NUMBER
Terms of availability 100.00
International Standard Book Number 8170558018
035 ## - SYSTEM CONTROL NUMBER
System control number B-075035, B-075037
037 ## - SOURCE OF ACQUISITION
Source of stock number/acquisition Cen Lib/Ret
040 ## - CATALOGING SOURCE
Original cataloging agency DPL
Language of cataloging HN
Transcribing agency 0
082 ## - DEWEY DECIMAL CLASSIFICATION NUMBER
Classification number
Item number त्रिपाठी
100 ## - MAIN ENTRY--PERSONAL NAME
Personal name त्रिपाठी , सूर्यकांत
9 (RLIN) 43407
245 ## - TITLE STATEMENT
Title देवी /
Statement of responsibility, etc सूर्यकांत त्रिपाठी ''निराला ''
246 ## - VARYING FORM OF TITLE
Title proper/short title Devi
Remainder of title by Suryakant Tripathi Nirala
260 ## - PUBLICATION, DISTRIBUTION, ETC. (IMPRINT)
Place of publication, distribution, etc नई दिल्ली
Name of publisher, distributor, etc वाणी प्रकाशन
Date of publication, distribution, etc 2002
270 ## - ADDRESS
Address 21ए -दरिया गंज
City नई दिल्ली
Postal code 110002
300 ## - PHYSICAL DESCRIPTION
Extent 112पृष्ठ.
Dimensions 20सेमी(सजिल्द)
490 ## - SERIES STATEMENT
Series statement
650 ## - SUBJECT ADDED ENTRY--TOPICAL TERM
Topical term or geographic name as entry element हिंदी साहित्य
9 (RLIN) 64250
650 ## - SUBJECT ADDED ENTRY--TOPICAL TERM
Topical term or geographic name as entry element हिंदी कहानी
9 (RLIN) 64251
650 ## - SUBJECT ADDED ENTRY--TOPICAL TERM
Topical term or geographic name as entry element Hindi literature
9 (RLIN) 64252
650 ## - SUBJECT ADDED ENTRY--TOPICAL TERM
Topical term or geographic name as entry element hindi story
9 (RLIN) 43117
942 ## - ADDED ENTRY ELEMENTS (KOHA)
Source of classification or shelving scheme Dewey Decimal Classification
Koha item type Hindi Books
Classification part
Call number suffix त्रिपाठी
Holdings
Withdrawn status Lost status Damaged status Not for loan Home library Current library Date acquired Source of acquisition Cost, normal purchase price Total Checkouts Full call number Barcode Date last seen Copy number Cost, replacement price Price effective from Koha item type Source of classification or shelving scheme Collection code Total Renewals Date checked out
        Central Library Central Library 22/08/2015 Cen Lib/Ret 100.02   क त्रिपाठी B-075035 22/08/2015 1 100.00 22/08/2015 Hindi Books        
        Shahdara Branch Shahdara Branch 28/06/2018 BPPD/PUB 100.00   क त्रिपाठी B-075037 28/06/2018   100.00 28/06/2018 Hindi Books Dewey Decimal Classification Fiction    
        Yojana Vihar Yojana Vihar 19/07/2019 BPPD/PUB 100.00 3 क त्रिपाठी B-075038 22/10/2019   100.00 19/07/2019 Hindi Books Dewey Decimal Classification Fiction 5 30/09/2019

© Delhi Public Library
Hit Counter
free hit counter